Productivity, education, and training : (Record no. 7583)
[ view plain ]
| 000 -LEADER | |
|---|---|
| fixed length control field | 01435nac a22003251u 4500 |
| 010 ## - LIBRARY OF CONGRESS CONTROL NUMBER | |
| LC control number | 95006517 |
| 020 ## - INTERNATIONAL STANDARD BOOK NUMBER | |
| International Standard Book Number | 0521483050 (hbk.) |
| 020 ## - INTERNATIONAL STANDARD BOOK NUMBER | |
| International Standard Book Number | 0521556678 (pbk.) |
| 082 00 - DEWEY DECIMAL CLASSIFICATION NUMBER | |
| Classification number | 331.25920941 |
| Item number | PRA |
| 090 ## - LOCALLY ASSIGNED LC-TYPE CALL NUMBER (OCLC); LOCAL CALL NUMBER (OCLC) | |
| -- | 7583 |
| -- | 7583 |
| 100 ## - MAIN ENTRY--PERSONAL NAME | |
| Personal name | Prais, S. J. |
| 245 10 - TITLE STATEMENT | |
| Title | Productivity, education, and training : |
| Remainder of title | an international perspective / |
| Statement of responsibility, etc | S.J. Prais. |
| 260 ## - PUBLICATION, DISTRIBUTION, ETC. (IMPRINT) | |
| Place of publication, distribution, etc | Cambridge [England] ; |
| -- | New York : |
| Name of publisher, distributor, etc | Cambridge University Press,1995 |
| Date of publication, distribution, etc | 1995. |
| 300 ## - PHYSICAL DESCRIPTION | |
| Extent | xiv, 138 p. ; |
| Dimensions | 24 cm. |
| 490 1# - Series Statement | |
| Series statement | Occasional papers / National Institute of Economic and Social Research ; |
| Volume/sequential designation | 48 |
| 500 ## - GENERAL NOTE | |
| General note | distributer: Al-Ahram |
| 504 ## - BIBLIOGRAPHY, ETC. NOTE | |
| Bibliography, etc | Includes bibliographical references (p. 133-134) and index. |
| 511 ## - PARTICIPANT OR PERFORMER NOTE | |
| Participant or performer note | catalogued by: wessam |
| 650 #0 - SUBJECT ADDED ENTRY--TOPICAL TERM | |
| Topical term or geographic name as entry element | Occupational training |
| Geographic subdivision | Great Britain. |
| 650 #0 - SUBJECT ADDED ENTRY--TOPICAL TERM | |
| Topical term or geographic name as entry element | Vocational education |
| Geographic subdivision | Great Britain. |
| 650 #0 - SUBJECT ADDED ENTRY--TOPICAL TERM | |
| Topical term or geographic name as entry element | Business and education |
| Geographic subdivision | Great Britain. |
| 650 #0 - SUBJECT ADDED ENTRY--TOPICAL TERM | |
| Topical term or geographic name as entry element | Vocational qualifications |
| Geographic subdivision | Great Britain. |
| 650 #0 - SUBJECT ADDED ENTRY--TOPICAL TERM | |
| Topical term or geographic name as entry element | Labor productivity |
| Geographic subdivision | Great Britain. |
| 650 #0 - SUBJECT ADDED ENTRY--TOPICAL TERM | |
| Topical term or geographic name as entry element | Occupational training |
| Geographic subdivision | Europe. |
| 650 #0 - SUBJECT ADDED ENTRY--TOPICAL TERM | |
| Topical term or geographic name as entry element | Vocational education |
| Geographic subdivision | Europe. |
| 830 #0 - SERIES ADDED ENTRY--UNIFORM TITLE | |
| Uniform title | Occasional papers (National Institute of Economic and Social Research) ; |
| 856 42 - ELECTRONIC LOCATION AND ACCESS | |
| Materials specified | Publisher description |
| Uniform Resource Identifier | <a href="http://www.loc.gov/catdir/description/cam026/95006517.html">http://www.loc.gov/catdir/description/cam026/95006517.html</a> |
| 856 42 - ELECTRONIC LOCATION AND ACCESS | |
| Materials specified | Table of contents |
| Uniform Resource Identifier | <a href="http://www.loc.gov/catdir/toc/cam022/95006517.html">http://www.loc.gov/catdir/toc/cam022/95006517.html</a> |
| 942 ## - ADDED ENTRY ELEMENTS (KOHA) | |
| Item type | Book - Borrowing |
| Call number prefix | 331.25920941PRA |
| Withdrawn status | Item status | Damaged status | Not for loan | Home library | Current library | Shelving location | Date acquired | Source of acquisition | Total Checkouts | Total Renewals | Full call number | Barcode | Date last seen | Date last borrowed | Koha item type |
|---|---|---|---|---|---|---|---|---|---|---|---|---|---|---|---|
| Central Library | Central Library | First floor | 29/01/2008 | Purchase | 1 | 1 | 331.25920941PRA | 000009002 | 15/07/2025 | 17/12/2014 | Book - Borrowing |